书目信息 |
| 题名: |
帝鉴图说
|
|
| 作者: | 张居正 编撰 ;陈生玺 注译 | |
| 分册: | ||
| 出版信息: | 武汉 崇文书局 2015 |
|
| 页数: | 308页 | |
| 开本: | 24cm | |
| 丛书名: | 崇文国学经典普及文库 | |
| 单 册: | ||
| 中图分类: | D092.2 | |
| 科图分类: | ||
| 主题词: | 政治思想史--zheng zhi si xiang shi--中国--古代 | |
| 电子资源: | ||
| ISBN: | 978-7-5403-3912-8 | |
| 000 | 01034nam0 22002771 450 | |
| 001 | 0109172411 | |
| 005 | 20170310090727.89 | |
| 010 | @a978-7-5403-3912-8@dCNY36.80 | |
| 100 | @a20160517e20162015em y0chiy50 ea | |
| 101 | 0 | @achi |
| 102 | @aCN@b420000 | |
| 105 | @aa z 000yy | |
| 106 | @ar | |
| 200 | 1 | @a帝鉴图说@9di jian tu shuo@f(明)张居正编撰@g陈生玺注译 |
| 205 | @a2版 | |
| 210 | @a武汉@c崇文书局@d2015@h2016重印 | |
| 215 | @a308页@d24cm | |
| 225 | 2 | @a崇文国学经典普及文库@9chong wen guo xue jing dian pu ji wen ku |
| 330 | @a《帝鉴图说》主要内容是以古代帝王为鉴,讲述为人做事的道理。全书分为上、下两篇,上篇“圣哲芳规”讲述了历代帝王的励精图治之举,下篇“狂愚覆辙”剖析了历代帝王的倒行逆施之祸。 | |
| 461 | 0 | @12001 @a崇文国学经典普及文库 |
| 606 | 0 | @a政治思想史@9zheng zhi si xiang shi@y中国@z古代 |
| 690 | @aD092.2@v5 | |
| 701 | 0 | @c(明)@a张居正@9zhang ju zheng@f(1525~1582)@4编撰 |
| 702 | 0 | @a陈生玺@9chen sheng xi@f(1932~)@4注译 |
| 801 | 0 | @aCN@bTANGWEI@c20170308 |
| 905 | @b0953216-9@dD092.2@e156=2@f4 | |
| 帝鉴图说/(明)张居正编撰/陈生玺注译.-2版.-武汉:崇文书局,2015(2016重印) |
| 308页;24cm.-(崇文国学经典普及文库) |
| ISBN 978-7-5403-3912-8:CNY36.80 |
| 《帝鉴图说》主要内容是以古代帝王为鉴,讲述为人做事的道理。全书分为上、下两篇,上篇“圣哲芳规”讲述了历代帝王的励精图治之举,下篇“狂愚覆辙”剖析了历代帝王的倒行逆施之祸。 |
| ● |
| 相关链接 |
|
|
|
|
正题名:帝鉴图说
索取号:D092.2/156=2
 
预约/预借
| 序号 | 登录号 | 条形码 | 馆藏地/架位号 | 状态 | 备注 |
| 1 | 0953216 | 209532166 | 第一样本阅览室/ [索取号:D092.2/156=2] | 在馆 | |
| 2 | 0953217 | 209532175 | 第一借阅区/ [索取号:D092.2/156=2] | 在馆 | |
| 3 | 0953218 | 209532184 | 第一借阅区/ [索取号:D092.2/156=2] | 在馆 | |
| 4 | 0953219 | 209532193 | 第一借阅区/ [索取号:D092.2/156=2] | 在馆 |